00969nam a2200313Ia 450000500170000000800410001702000180005808200190007610000310009524500270012625000180015330000250017149000300019653400500022665000180027665000290029465000290032365000330035265000280038565000290041370000290044294200120047126400340048333600270051733700330054433800280057704000350060599900150064020220317001446.0161108s2009 sp g 000 0 s  a978849599439404a321.07 bM67u21 aMoro, Tomásd1478 - 153510aUtopíacTomás Moro a3a. edición a155 páginasc19 cm aBiblioteca de filosofía bDe optimo reipublicae statu deque nova Utopia142LEMBaUtopias142LEMBaCiencia política142LEMBaFilosofia y estado142LEMBaFilosofia y política142LEMBaPropiedad privada142LEMBaEconomía laboral1 aEsquerra, Ramón973500 2ddccBK aMadridbJorge A. Mestasc2009 atextobtxt2rdacontent asin mediaciónbn2rdamedia avolumenbnc2rdacarrier aCO-BoRNBPbspaerdacCO-BoRNBP c7045d7045